000 00607nam a22001937a 4500
999 _c182558
_d182558
005 20220216162617.0
010 _aENG-130117
020 _a9788179665084
_c490.00
035 _aEN-113649
037 _bDBAD/PUB
082 _a333.9100954
100 _aKamaraj, A. C.
245 _aTowards the Second Freedom:
_cA. C. Kamaraj
250 _a2019
260 _bEmerald Publishers
_c2019
_aChennai
270 _a15A, First Floor, Casa Major Road Egmore
_bChennai
_e600008
_k+91 44 28193206
_minfo@emeraldpublishers.com
300 _a458p.
_c22cm (pbk)
942 _2ddc
_cEN
_h333.9100954
_mKAM